000 01332nam a2200241Ii 4500
003 JO-AjNU
005 20240625122242.0
008 230605s9999||||xx |||||||||||||| ||und||
040 _aJO-AjNU
_bara
_erda
_cJO-AjNU
041 _aara
050 1 4 _aHF5549.5.2021
100 1 _aالخريشة، محمود محمد ظاهر
_965636
245 1 0 _aاثر التدريب المبني على الكفايات على الاداء الوظيفي للعاملين في هيئة تنظيم الطيران المدني الاردني = The Impact of Competency-Based Training on Job Performancr for Staff in Jordanian Civial Aviation Regulatory Commission /
_cاعداد محمود محمد ظاهر الخريشه ؛ إشراف هشام علي شطناوي
260 _c2021
300 _a125 ورقة
336 _atext
_btxt
_2rdacontent
337 _aunmediated
_bn
_2rdamedia
338 _avolume
_bnc
_2rdacarrier
500 _aرسالة جامعية(اطروحة ماجستير) جامعة عجلون الوطنية، كلية ادارة الاعمال، تخصص ادارة الاعمال، 2021
650 7 _aالتدريب الاداري- الكفايات الوظيفية- هيئة تنظيم الطيران المدني-الاردن
_961419
700 1 _aشطناوي،هشام علي
_964865
_eمشرف
942 _2lcc
_cTHS
999 _c31329
_d31329